000 00951nas a2200301 4500
001 BR2019001318
003 BR-BrBNA
005 20231205131819.0
007 ta
008 230509b bl.|||p| |||| 00| 00por d
040 _aBR-BrBNA
_bpor
_cBiblioteca Nacional de Agricultura
041 _a(Pt)
072 _aF01
100 1 _aGuimarães, A.G.
100 1 _aAndrade Júnior, V.C. de
100 1 _aElsayed, A.Y.A.M.
100 1 _aFernandes, J.S.C.
100 1 _aFerreira, M.A.M.
245 1 _aPotencial produtivo de cultivares de morangueiro
650 _aMORANGO
650 _aCONDIÇÃO AMBIENTAL
650 _aPRÁTICA CULTURAL
650 _aPRODUTIVIDADE
773 0 _tRevista Brasileira de Fruticultura (Brazil)
_xISSN 1806-9967
_g(Jan-Mar 2015), v. 37(1) p. 112-120
_wBR2019001318
856 4 0 _uhttp://www.scielo.br/pdf/rbf/v37n1/0100-2945-rbf-37-1-112.pdf
909 _a202311
_bLúcia
_c55
_dLúcia Elande
942 _2AGRIS
_n0
_cANA
999 _c256854
_d256854